|
|
|
|
| LEADER |
02173nam a2200397 a 4500 |
| 001 |
31047 |
| 003 |
BD-DhAAL |
| 005 |
20250121164207.0 |
| 008 |
160420s1993 nyua b 000 0 eng |
| 010 |
|
|
|a 93030466
|
| 020 |
|
|
|a 0195209931
|
| 040 |
|
|
|a DLC
|c DLC
|d DLC
|d BD-DhAAL
|
| 050 |
0 |
0 |
|a HC460.5
|b .E275 1993
|
| 082 |
0 |
0 |
|a 338.95
|2 23
|
| 245 |
0 |
4 |
|a The East Asian miracle :
|b economic growth and public policy.
|
| 260 |
|
|
|a New York, N.Y. :
|b Oxford University Press,
|c c1993.
|
| 300 |
|
|
|a xvii, 389 pages :
|b illustrations ;
|c 24 cm.
|
| 490 |
|
|
|a A World Bank policy research report,
|x 1020-0851
|
| 500 |
|
|
|a "Published for the World Bank."
|
| 504 |
|
|
|a Includes bibliographical references (p. [369]-389).
|
| 526 |
|
|
|a ESS
|
| 541 |
|
|
|a Donated by Akbar Ali Khan, Complimentary copy from Professor Dr. Nasreen Khundker
|e 31047, 38293, 42027
|
| 650 |
|
|
|a Economics.
|9 43469
|
| 651 |
|
0 |
|a East Asia
|x Economic policy.
|9 19134
|
| 651 |
|
0 |
|a East Asia
|x Economic conditions.
|9 19135
|
| 651 |
|
0 |
|a Southeast Asia
|x Economic policy.
|9 19136
|
| 651 |
|
0 |
|a Southeast Asia
|x Economic conditions.
|9 19137
|
| 710 |
2 |
|
|a World Bank.
|9 19138
|
| 852 |
|
|
|a Ayesha Abed Library
|c General Stacks
|
| 942 |
|
|
|2 ddc
|c BK
|
| 999 |
|
|
|c 36743
|d 36743
|
| 952 |
|
|
|0 0
|1 0
|2 ddc
|4 0
|6 338_950000000000000_EAS
|7 0
|9 58684
|a BRACUL
|b BRACUL
|c GEN
|d 2016-03-29
|e Trim Education
|g 4665.00
|l 1
|m 1
|o 338.95 EAS
|p 3010031047
|r 2025-05-17
|s 2025-05-03
|t 1
|v 4665.00
|w 2016-03-29
|y BK
|
| 952 |
|
|
|0 0
|1 0
|2 ddc
|4 0
|6 338_950000000000000_EAS
|7 0
|9 58685
|a BRACUL
|b BRACUL
|c GEN
|d 2016-03-29
|e Trim Education
|g 4665.00
|l 0
|o 338.95 EAS
|p 3010031048
|r 2016-04-03
|t 2
|v 4665.00
|w 2016-03-29
|y BK
|
| 952 |
|
|
|0 0
|1 0
|2 ddc
|4 0
|6 338_950000000000000_EAS
|7 0
|9 59116
|a BRACUL
|b BRACUL
|c GEN
|d 2016-05-30
|e Trim Education
|g 4665.00
|l 0
|o 338.95 EAS
|p 3010031141
|r 2016-06-06
|t 3
|v 4665.00
|w 2016-05-30
|y BK
|
| 952 |
|
|
|0 0
|1 0
|2 ddc
|4 0
|6 338_950000000000000_EAS
|7 1
|9 70349
|a BRACUL
|b BRACUL
|c AAKC
|d 2022-04-04
|l 0
|o 338.95 EAS
|p 3010038293
|r 2022-04-04
|t 4
|w 2022-04-04
|y BK
|
| 952 |
|
|
|0 0
|1 0
|2 ddc
|4 0
|6 338_950000000000000_EAS
|7 0
|9 74913
|a BRACUL
|b BRACUL
|c GEN
|d 2024-01-04
|e Complimentary copy from Professor Dr. Nasreen Khundker
|l 0
|o 338.95 EAS
|p 3010042027
|r 2024-01-04
|t 5
|w 2024-01-04
|y BK
|